000
00432nam a2200145Ia 4500
008
100122s9999 xx 000 0 und d
082
_b
44848
_a
796.358
100
_a
पंडित बाळ ज
245
_a
कसोटीे क्षण
260
_b
अंजली प्रकाशन
_c
1990
300
_a
165
630
_a
कसोटीे क्षण
730
_a
कसोटीे क्षण
942
_c
BOOK
999
_c
424507
_d
424504